01200cas a22002897ar450000500170000000800410001701000100005801100100006803500100007824501720008826001110026030000070037131000100037836200140038859000410040259000410044359000410048459000420052565000520056765000490061978000770066878500880074586600230083390100070085690500300086399900170089320231010062646.0990428d19711980es ar p rnn 0 uub0spa d a77661 a78633 a8864900aAnales del Instituto Nacional de Investigaciones Agrarias :bSerie Producción Vegetalc/por Instituto Nacional de Investigaciones Agrarias. Ministerio de Agricultura0 aMadrid, España :bInstituto Nacional de Investigaciones Agrarias. Ministerio de Agricultura,c1971-1980. an. aanual an.7, 1977 aBATCH-UPDb10c20130110lUCH01h0213 aBATCH-UPDb10c20130409lUCH01h2230 aBATCH-UPDb10c20130913lUCH01h2114 aCONVERSIONb10c20130109lUCH01h134317aAgriculturaxPublicaciones periódicas29177214aCultivosxPublicaciones periódicas.930313 tAnales del Instituto Nacional de Investigaciones Agronómicas 1960-1970 tAnales del Instituto Nacional de Investigaciones Agrarias : Serie Agrícola, 1980- an.1-12 (1971-1980) aSE aMa. del Socorro Iturbe C. c77661d77661